Catálogo público

Programs and abstracts / (Record no. 200278)

MARC details
000 -CABECERA
campo de control de longitud fija 00695nam a2200253Ia 4500
001 - NÚMERO DE CONTROL
campo de control Para_1641
003 - IDENTIFICADOR DEL NÚMERO DE CONTROL
campo de control CHAP
008 - DATOS DE LONGITUD FIJA--INFORMACIÓN GENERAL
campo de control de longitud fija 220125s1988 xx 000 0 und d
010 ## - NÚMERO DE CONTROL DE LA BIBLIOTECA DEL CONGRESO
Número de control de LC 200278
040 ## - FUENTE DE LA CATALOGACIÓN
Centro/agencia transcriptor CHAP
082 ## - NÚMERO DE LA CLASIFICACIÓN DECIMAL DEWEY
Número de clasificación PA 592.009 S6
110 ## - ENTRADA PRINCIPAL--NOMBRE DE ENTIDAD CORPORATIVA
Nombre de entidad corporativa o nombre de jurisdicción como elemento de entrada Society for invertebrate pathology (21:1988: Sand Diego, Cal.)
9 (RLIN) 165153
245 ## - MENCIÓN DE TÍTULO
Título Programs and abstracts /
Mención de responsabilidad, etc. by University of California
260 ## - PUBLICACIÓN, DISTRIBUCIÓN, ETC.
Lugar de publicación, distribución, etc. San Diego, Cal. :
Nombre del editor, distribuidor, etc. The society
300 ## - DESCRIPCIÓN FÍSICA
Extensión 109 p.
650 ## - PUNTO DE ACCESO ADICIONAL DE MATERIA--TÉRMINO DE MATERIA
Término de materia o nombre geográfico como elemento de entrada Invertebrados
9 (RLIN) 60203
901 ## - ELEMENTOS DE DATOS A LOCAL LDA (RLIN)
a PA 592.009 S6
902 ## - ELEMENTOS DE DATOS B LOCAL, LDB (RLIN)
a A
905 ## - ELEMENTOS DE DATOS E LOCAL, LDE (RLIN)
a 0000001988 0000000000 00
910 ## - DATOS DE OPCIÓN DEL USUARIO (OCLC)
Datos de opción del usuario 1988
942 ## - ELEMENTOS DE PUNTO DE ACCESO ADICIONAL (KOHA)
Tipo de ítem Koha Parasitologia_
942 ## - ELEMENTOS DE PUNTO DE ACCESO ADICIONAL (KOHA)
Tipo de ítem Koha Parasitologia_
-- 1
Holdings
Estado de retiro Estado de pérdida Fuente del sistema de clasificación o colocación Estado dañado Restricciones de uso No para préstamo Código de colección Localización permanente Ubicación/localización actual Fecha de adquisición Información codificada de la localización en otra ubicación Número de inventario Total de préstamos Signatura topográfica completa Código de barras Fecha visto por última vez Número de copia Precio válido a partir de Tipo de ítem Koha Nota pública
    Dewey Decimal Classification   Préstamo interno   General Parasitologia Agricola Parasitologia Agricola 27/10/2005 PARA (PA_7347) (No. UACh C/E)   PA 592.009 S6 4102000756 25/01/2022 Ej.1 25/01/2022 Libro 3